MDQL
is popping MORE tags! Check the
thread
!
Quizzes
Events
Quiz Creation
Community
Videos
Private Events
Remove Ads
Sign In
Join for FREE
Feedback
Dark Mode
Quiz Categories
Sports
Geography
Music
Movies
Television
Just For Fun
Miscellaneous
History
Literature
Language
Science
Gaming
Entertainment
Religion
Holiday
For Kids
Quiz Lab
Recent
Popular Today
Quiz Kudos Today
Editor Picks
Curator Picks
Quizzes by...
Day
Popularity
Type
Ratings
Length
Year
Community
Subscriptions
Recent Discussions
Orange Saloon
Badges
Playlists
Quests
Create
Leaderboards
Showdown
Live 5
Trivia Bingo
Activity
Puzzle Library
Sporcle Events
Private Events
Virtual Trivia
Globe League
Become a Host
Pub Owners
SporcleCon
Opinionation
Our Games
Videos
Blog
Mobile Apps
Partnerships
Remove Ads and Go Orange
Feedback
Science
Computer
Plants
Astronomy
Chemistry
Elements
Math
Animal
Physics
Anatomy
Biology
Geology
General Science
Science
Computer
Plants
Astronomy
Chemistry
Elements
Math
Animal
Physics
Anatomy
Biology
Geology
General Science
Random Quiz
Search Sporcle
×
Quiz Lab
Quiz Lab
Science
response
Type in answers that appear in a list
Type in answers that appear in a list
Classic
Best Score? Go Orange.
Neuro 95hfm - Quiz 2 Stats
Can you name the responses to the prompts below?
By
neurotypical
10m
75 Questions
40 Plays
40 Plays
40 Plays
Comments
Comments
Give Quiz Kudos
Give Quiz Kudos
-
- Ratings
hide this ad
Forced Order
Answers have to be entered in order
Answers have to be entered in order
Replay
Link that replays current quiz
Next Quiz
Link to next quiz in quiz playlist
You Got
0%
They Got
Avg Score
29%
Avg Friend Score
Upgrade to see
Score Distribution
Jump to the score distribution portion of the page
Score
0/75
Timer
10:00
0
Plays Today
Prompt
Response
% Correct
Feature of the brain stem, more rostral (2/
3)
pons
85%
Feature of the brain stem, most caudal (1/
3)
medulla
82.5%
Feature of the brain stem, more rostral (3/
3)
midbrain
77.5%
Feature of the diencephalon (2/
2)
thalamus
67.5%
Feature of the diencephalon (lower down) (1/
2)
hypothalamus
65%
The gyrus posterior to the central sulcus
Postcentral gyrus
65%
The gyrus anterior to the central sulcus
Precentral gyrus
62.5%
The big horizontal fissure under the frontal lobe
lateral fissure
60%
Cranial nerve involved in eye movements (1/
3)
Oculomotor
57.5%
Cranial nerve involved in eye movements (2/
3)
Trochlear
55%
It's involved in this system
sensory
52.5%
Cranial nerve involved in eye movements (3/
3)
Abducens
52.5%
It's involved in this system
motor
50%
Cranial nerve involved in olfaction
Olfactory
47.5%
Hearing/
balance cranial nerve
Vestibulocochlear
42.5%
Sensory/
motor cranial nerve (1/
4)
Trigeminal
37.5%
The gyrus above/
surrounding the corpus callosum
cingulate gyrus
35%
The neural plate and groove fold in and become the
neural tube
35%
Sensory/
motor cranial nerve (2/
4)
Facial
35%
Sensory/
motor cranial nerve (4/
4)
Vagus
35%
Outermost cell layer in development
ectoderm
32.5%
Middle layer
mesoderm
32.5%
Inner layer
endoderm
32.5%
This layer becomes the nervous system
ectoderm
32.5%
This layer induces the above layer to become the nervous system
mesoderm
32.5%
Other region of the forebrain, anterior to diencephalon
telencephalon
30%
In the five-
vesicle stage, most rostral region, part of forebrain
telencephalon
30%
More caudal region, part of forebrain
diencephalon
30%
Sensory/
motor cranial nerve (3/
4)
Glossopharyngeal
30%
which includes this tract (the main tract for voluntary movements) (1/
2)
corticospinal tract
30%
Important area for language, above the lateral fissure
Broca's area
30%
Important area for language, below the lateral fissure
Wernicke's area
30%
Motor cranial nerve (1/
2)
Spinal accessory
27.5%
Motor cranial nerve (2/
2)
Hypoglossal
27.5%
The fight or flight division of the ANS
sympathetic
27.5%
The rest and digest division of the ANS
parasympathetic
27.5%
In the three-
vesicle stage of development, most rostral region, aka forebrain
prosencephalon
25%
More caudal region, aka midbrain
mesencephalon
25%
Prompt
Response
% Correct
Cranial nerve involved in vision
Ocular
25%
and this tract (also for voluntary movements but not that important) (2/
2)
rubrospinal tract
25%
The rubrospinal tract originates in the
red nucleus
25%
The region dorsal to the neural tube is the
neural crest
22.5%
An important signaling molecule expressed from the notochord, ventrally, is
SHH
22.5%
More caudal region, aka midbrain
mesencephalon
22.5%
The basal ganglia motor loop goes from the basal ganglia to the
thalamus
22.5%
The cerebellum motor loop goes from the cerebellum up to the
thalamus
22.5%
Most caudal region, aka hindbrain
rhombencephalon
20%
More caudal region, aka afterbrain
metencephalon
20%
Most caudal region, aka medullary brain
myelencephalon
20%
Motor system -
voluntary movements descend via these pathways
lateral
20%
and back to the basal ganglia via the
cortex
20%
and then up to the
cortex
20%
The division with autonomic ganglia close to the spinal cord
sympathetic
20%
The division with autonomic ganglia close to the target organ
parasympathetic
20%
The corticospinal tract has a decussation called the
pyramidal decussation
17.5%
Basic role of the hypothalamus (think Heal) (1/
4)
homeostatic control
17.5%
Basic role of the limbic system (think homE) (4/
4)
emotion
17.5%
and then back down to the cerebellum via the
pons
15%
The loop involved in selection and initiation of willed movements is the
basal ganglia motor loop
15%
The loop involved in motor coordination is the
cerebellum motor loop
15%
Basic role of the hypothalamus (think heaL) (4/
4)
limbic system
15%
Basic role of the limbic system (think Home) (1/
4)
homeostasis
15%
Basic role of the limbic system (think hOme) (2/
4)
olfaction
15%
Basic role of the limbic system (think hoMe) (3/
4)
memory
15%
which includes this tract (for balance) (1/
4)
vestibulospinal tract
12.5%
Basic role of the hypothalamus (think hEal)(2/
4)
endocrine control
12.5%
Posture and locomotion information descend via these pathways
ventromedial
10%
and this tract (for head and eye coordination) (2/
4)
tectospinal tract
10%
Basic role of the hypothalamus (think heAl)(3/
4)
autonomic control
10%
An ANS region above/
surrounding the corpus callosum
cingulate cortex
10%
An ANS region hidden in the lateral fissure
insula
10%
and this tract (for posture) (3/
4)
pontine reticulospinal tract
7.5%
and this tract (also for posture) (4/
4)
medullary reticulospinal tract
7.5%
An ANS nucleus in the brainstem
solitary nucleus
7.5%
The connector between these two areas
arcuate fasciculus
7.5%
Quiz Playlist
Details
Report
Send in Message
Add To Playlist
Classic:
Type in answers that appear in a list
Forced Order:
Answers have to be entered in order
Last Updated: Feb 16, 2017
Quiz Scoreboard
CHALLENGE
Sign Up to Join the Scoreboard
Show All
Scores
Hide
Comments
May contain spoilers
Recently Published
Colored Red Africa Blitz
by spor1
Geography
30s
Find the 'City' Movie
by crazypaving
Movies
60s
5x2 Blitz: Bands
by SL_Kpop136
Music
30s
More to Explore
Quiz From the Vault
Featured Blog Post
14 Easter Pick-up Lines to Find Eggs With
hide this ad
You Might Also Like...
Tags
prompt
response
Today's Top Quizzes in Science
Browse Science
hide this ad
Today's Top Quizzes in response
Browse response
Top Contributed Quizzes in Science
1
Glycolysis
2
'C' Flowers II
3
Sorting Squares: Animals by Continent
4
Square Numbers Scrambled (1-50)
5
Amino Acid Groups
6
Get the Picture: Gas Welding Flames
7
Medical Terminology Roots
8
ϛoRͲ1nℊ Blitz: Common Stuff
9
Glycolysis - Substrates (fill in the blank)
10
Call A Doctor! Ailments 7-to-1
Explore More
Trending Topics
Disney
Crossword
NBA
Harry Potter
Kpop
Anime
Marvel
Country
Pokémon
Soccer
Puzzle
The Office
NFL
WWE
Song
hide this ad
More By:
neurotypical
Quiz
Plays
Rating
Category
Featured
Created
Neuro 95hfm - Quiz 2
40
Science
May 6, 2010
Neuro 95hfm - Senses
8
Science
May 4, 2010
Go to Creator's Profile
Score Distribution
Quiz Creator Spotlight
neurotypical
Follow
Send a Message
Quizzes Created
-
Created Quiz Play Count
-
More By This Creator
Popular Quizzes Today
1
5x2 Blitz: Bands
2
Find the 'City' Movie
3
Colored Red Africa Blitz
4
Find the US States - No Outlines Minefield
5
The Countries of the World
6
Find the US States
7
9x9 Crossword: Cartoon Network
8
US States
More Science Quizzes
Trimmed Gemstones
Published
Trending Quizzes
Colored Red Africa Blitz II
Colored Red Europe Blitz I
Christmas Pick: Judaism
Colored Red Africa Blitz III
Colored Red Europe Blitz II
Recently Updated
Champions League XIs: Real Madrid
pecheneg
Largest US Cities 1790-2010
pecheneg
Rides in Walt Disney World
pecheneg
Most Oscar Losses (Acting)
pecheneg
Beyoncé Albums
pecheneg
Leaping Animals
pecheneg
Reality TV Shows (A-Z)
bhenderson79
Rickey Henderson's Hall of Fame Teammates
pecheneg
Champions League XIs: Arsenal
pecheneg
Quick Pick: Celebrities in WWE's Hall of Fame
aduchscher
Trending Topics
Kpop
Harry Potter
Marvel
Anime
Disney
NBA
Crossword
Soccer
Country
Pokémon
Puzzle
NFL
The Office
Song
WWE
Your Account Isn't Verified!
In order to create a playlist on Sporcle, you need to verify the email address you used during registration. Go to your
Sporcle Settings
to finish the process.
Report this User
Report this user for behavior that violates our
Community Guidelines
.
Details:
Send Report
Go to the Sporcle.com Mobile Site →
Comments